| 000 | 00941nam a2200289Ia 4500 | ||
|---|---|---|---|
| 001 | A6082 | ||
| 003 | IT-RoPAU | ||
| 008 | 130308s9999 xx 000 0 und d | ||
| 040 | _aIT-RoPAU | ||
| 040 | _cIT-RoPAU | ||
| 041 | _aITALIANO | ||
| 100 | _aProni Giampaolo | ||
| 100 | _gCodice Aut. SPICS: 9261 | ||
| 245 | _aInfluenza di peirce sulla teoria dell'interpretazione di Umberto Eco (L') | ||
| 245 | _bSemiotica: storia Teoria Interpretazione-Saggi intorno a Umberto Eco | ||
| 250 | _a1a ed. | ||
| 260 | _aMILANO | ||
| 260 | _bBompiani | ||
| 260 | _c1992 [1° Ed.:1992 - Ed.Ling.Originale:1992] | ||
| 300 | _a"10 p. (prefazione: no ; testo: 10 [pagine: 89-98])" | ||
| 500 | _a1968: Indagine Sui Codici. 1975: Primato dell'Interpretazione. 1979: Versouna Pragmatica del testo . 1984: peirce nel Labirinto. | ||
| 650 | _aSEMIOLOGIA | ||
| 650 | _eCodice materia Spics: 3251 | ||
| 942 | _cBK | ||
| 957 | _71 | ||
| 999 |
_c78198 _d78198 |
||
| 999 | _g1 | ||